000 003470000a22001450004500
003 LK-CoMWRAF
008 230817t ||||| |||| 00| 0 eng d
040 _aLK-CoMWRAF
_dLK-CoMWRAF
_eLK-CoMWRAF
041 _aeng
082 _a302
_bTAM
245 _aThe Tamil Nadu Women's Forum
_b
260 _b
_aIndia (Madras)
_c
300 _ap.23
942 _cBK
999 _c1785
_d1785